[Event "Chessemy Open 2022"]
[Site "Reinstorf"]
[Date "2022.02.03"]
[Round "5.21"]
[White "Rennkamp, Johannes"]
[Black "Nguyen, Bach Khoi"]
[Result "0-1"]
[WhiteElo "1608"]
[BlackElo "1086"]
[Annotator "NA"]
[PlyCount "66"]
[EventDate "2022.01.29"]
[EventType "swiss"]
[EventCountry "GER"]
[SourceTitle "playchess.com"]
[Source "ChessBase"]
[SourceQuality "1"]

1. d4 Nf6 2. Bg5 e6 3. e4 h6 4. Bxf6 Qxf6 5. e5 Qd8 6. f4 d5 7. Nf3 c5 8. c3 Nc6 9. Qb3 Qb6 10. Qxb6 axb6 11. a3 Be7 12. Nbd2 O-O 13. g4 g5 14. fxg5 hxg5 15. O-O-O Bd7 16. Nb3 Rfc8 17. Kb1 Na5 18. Nxa5 bxa5 19. h4 gxh4 20. g5 Kg7 21. Rxh4 Rh8 22. Rg4 c4 23. Be2 b5 24. Rdg1 Rab8 25. g6 f6 26. exf6+ Bxf6 27. Rf1 b4 28. axb4 axb4 29. cxb4 Rxb4 30. Ne5 Be8 31. Rg3 Rh2 32. Bg4 Rbxb2+ 33. Kc1 Bg5+ 0-1

[Event "Chessemy Open 2022"]
[Site "Reinstorf"]
[Date "2022.02.02"]
[Round "5.22"]
[White "Zschiesing, Falk"]
[Black "Stotyn, Fabian"]
[Result "0-1"]
[WhiteElo "1961"]
[BlackElo "2174"]
[Annotator "TA"]
[PlyCount "103"]
[EventDate "2022.01.29"]
[EventType "swiss"]
[EventCountry "GER"]
[SourceTitle "playchess.com"]
[Source "ChessBase"]
[SourceQuality "1"]

1. e4 e6 2. d4 d5 3. Nd2 Nc6 4. c3 e5 5. exd5 Qxd5 6. Ngf3 exd4 7. Bc4 Qh5 8. Qe2+ Be7 9. Nxd4 Qxe2+ 10. Nxe2 Ne5 11. O-O Nxc4 12. Nxc4 Be6 13. Ne3 O-O-O 14. Nd4 Bd7 15. Nd5 Bc5 16. Be3 Ne7 17. Nf3 Bd6 18. Nxe7+ Bxe7 19. a4 a6 20. b4 Be6 21. Rfe1 Rhe8 22. Bd4 g6 23. b5 a5 24. b6 c5 25. Be5 Bd6 26. Bf6 Be7 27. Be5 Rd5 28. c4 Rd3 29. Rec1 Bd8 30. Rab1 Bd7 31. Bc3 Bxa4 32. Bxa5 Bc6 33. Ne1 Ra3 34. Ra1 Rxa1 35. Rxa1 Bf6 36. Ra3 Re4 37. Bd2 Rxc4 38. Nd3 Be4 39. g3 Kd7 40. Be3 Kc6 41. Rb3 Bxd3 42. Rxd3 Bd4 43. Bg5 Rc3 44. Rd2 Kxb6 45. Kg2 Kc6 46. h4 b5 47. Ra2 Kd5 48. Ra7 f6 49. Bd2 Rc2 50. Be1 b4 51. Rd7+ Kc4 52. Rxd4+ 0-1

[Event "Chessemy Open 2022"]
[Site "Reinstorf"]
[Date "2022.02.02"]
[Round "5.23"]
[White "Kardoeus, David"]
[Black "Goh, Choon Keng Philip"]
[Result "0-1"]
[WhiteElo "2169"]
[BlackElo "1960"]
[Annotator "TA"]
[PlyCount "158"]
[EventDate "2022.01.29"]
[EventType "swiss"]
[EventCountry "GER"]
[SourceTitle "playchess.com"]
[Source "ChessBase"]
[SourceQuality "1"]

1. e4 c5 2. Nf3 d6 3. d4 cxd4 4. Nxd4 Nf6 5. Nc3 Nc6 6. Bg5 e6 7. Qd2 a6 8. O-O-O Bd7 9. f4 Be7 10. Nf3 b5 11. Bxf6 gxf6 12. f5 h5 13. g3 Qb6 14. Kb1 O-O-O 15. Bh3 Kb8 16. fxe6 fxe6 17. Ne2 Ne5 18. Nfd4 Nc4 19. Qd3 f5 20. exf5 e5 21. Ne6 Bxe6 22. fxe6 d5 23. Rdf1 e4 24. Qc3 d4 25. Qe1 d3 26. cxd3 exd3 27. Nc3 b4 28. Na4 Qc6 29. Qc1 d2 30. Qc2 Qxh1 31. Rxh1 Ne3 32. Rd1 Nxc2 33. Kxc2 Bg5 34. Nb6 Rd4 35. b3 Rhd8 36. Bf5 Kc7 37. Nc4 Rf8 38. Bg6 h4 39. gxh4 Rxh4 40. Rg1 Bf6 41. Bf7 Rxh2 42. Rf1 Bg5 43. Rd1 Rfh8 44. Bg6 Re2 45. Bf5 Rf8 46. Bg4 Re4 47. Rg1 Re1 48. Rg2 Rc1+ 49. Kd3 d1=Q+ 50. Bxd1 Rxd1+ 51. Ke4 Re1+ 52. Kd3 Rd8+ 53. Kc2 Bf6 54. a3 bxa3 55. Nxa3 Rxe6 56. Nc4 Rde8 57. Rg6 Bd4 58. Rg5 Bb6 59. Kc3 R8e7 60. Rf5 Rh7 61. Kb4 Kb7 62. Rg5 Bc7 63. Rd5 Rh3 64. Ka4 Rg6 65. Rd7 Kc6 66. Rd1 Rgg3 67. Rc1 Rc3 68. Rb1 Bd6 69. Na5+ Kd5 70. Ra1 Rh4+ 71. Nc4 Kc6 72. Ra2 Kb7 73. Ra1 Bc5 74. Ra2 Rc1 75. Ka5 Rhh1 76. Nb2 Ra1 77. Rxa1 Rxa1+ 78. Na4 Bd6 79. b4 Bc7# 0-1

[Event "Chessemy Open 2022"]
[Site "Reinstorf"]
[Date "2022.02.02"]
[Round "5.24"]
[White "Milde, Lars"]
[Black "Ramme, Christoph"]
[Result "0-1"]
[WhiteElo "1926"]
[BlackElo "2140"]
[Annotator "TA"]
[PlyCount "46"]
[EventDate "2022.01.29"]
[EventType "swiss"]
[EventCountry "GER"]
[SourceTitle "playchess.com"]
[Source "ChessBase"]
[SourceQuality "1"]

1. e4 c5 2. c3 Nf6 3. e5 Nd5 4. Nf3 d6 5. d4 cxd4 6. cxd4 Nc6 7. exd6 e6 8. Nc3 Bxd6 9. Bd3 Be7 10. O-O O-O 11. a3 b6 12. Qc2 Nf6 13. Rd1 Bb7 14. Bg5 g6 15. h4 Rc8 16. Bxf6 Bxf6 17. h5 Nxd4 18. Nxd4 Bxd4 19. hxg6 fxg6 20. Rf1 Bxg2 21. Bxg6 Bxf1 22. Bxh7+ Kh8 23. Rxf1 Qg5+ 0-1

[Event "Chessemy Open 2022"]
[Site "Reinstorf"]
[Date "2022.02.02"]
[Round "5.25"]
[White "Limbach, Torsten"]
[Black "Gohla, Ulf"]
[Result "0-1"]
[WhiteElo "1963"]
[BlackElo "2139"]
[Annotator "TA"]
[PlyCount "172"]
[EventDate "2022.01.29"]
[EventType "swiss"]
[EventCountry "GER"]
[SourceTitle "playchess.com"]
[Source "ChessBase"]
[SourceQuality "1"]

1. d4 Nf6 2. Nf3 d5 3. g3 c6 4. Bg2 g6 5. O-O Bg7 6. c4 dxc4 7. Ne5 Nbd7 8. Nxc4 O-O 9. Nc3 Nb6 10. Na5 Nbd5 11. Nb3 Nxc3 12. bxc3 Nd5 13. Qd3 Re8 14. e4 Nb6 15. Nc5 Nd7 16. Ba3 Qa5 17. Bb4 Nxc5 18. Bxc5 b6 19. Bb4 Ba6 20. Qc2 Qh5 21. Rfd1 Be2 22. Re1 Bg4 23. e5 Rac8 24. Ba3 Bf3 25. Bxf3 Qxf3 26. Rad1 e6 27. Re3 Qh5 28. Qe2 Qxe2 29. Rxe2 Red8 30. Red2 Rd7 31. Kf1 Rcd8 32. Ke2 f6 33. f4 Kf7 34. Rd3 f5 35. h3 Bf8 36. Bxf8 Kxf8 37. g4 b5 38. Ke3 a5 39. a3 Ke7 40. g5 h6 41. h4 hxg5 42. fxg5 Rh8 43. Rh1 Kd8 44. Kf4 Rdh7 45. Rdh3 Rh5 46. R1h2 Kc7 47. Kg3 Rd8 48. Kf4 b4 49. axb4 axb4 50. Ke3 bxc3 51. Rc2 Kb6 52. Rxc3 Rdh8 53. Rb3+ Kc7 54. Kd3 Rxh4 55. Rxh4 Rxh4 56. Kc4 Rh1 57. Ra3 Rc1+ 58. Kb4 Kb6 59. Ra8 Rg1 60. Re8 Rxg5 61. Rxe6 Rg4 62. Kc3 Kb5 63. Rf6 c5 64. d5 Rc4+ 65. Kb3 Re4 66. e6 c4+ 67. Kc3 Kc5 68. Rxg6 Kxd5 69. Rf6 Ke5 70. Rh6 Kd6 71. Rf6 f4 72. Kb4 Ke7 73. Rh6 f3 74. Rh1 f2 75. Rf1 Rf4 76. Kc3 Kxe6 77. Kd2 Kd5 78. Ke2 Kd4 79. Rd1+ Kc3 80. Kf1 Kc2 81. Rd6 c3 82. Rd5 Kc1 83. Rc5 c2 84. Rc6 Kd2 85. Rd6+ Kc3 86. Rc6+ Rc4 0-1

[Event "Chessemy Open 2022"]
[Site "Reinstorf"]
[Date "2022.02.02"]
[Round "5.26"]
[White "Mueller, Christian"]
[Black "Bui, Bao Anh Le"]
[Result "1/2-1/2"]
[WhiteElo "2219"]
[BlackElo "2132"]
[Annotator "TA"]
[PlyCount "38"]
[EventDate "2022.01.29"]
[EventType "swiss"]
[EventCountry "GER"]
[SourceTitle "playchess.com"]
[Source "ChessBase"]
[SourceQuality "1"]

1. e4 c5 2. Nf3 d6 3. Bb5+ Nd7 4. a4 a6 5. Be2 Ngf6 6. Nc3 e6 7. O-O Be7 8. d4 Qc7 9. a5 O-O 10. d5 Ne5 11. Nxe5 dxe5 12. Bc4 exd5 13. Nxd5 Nxd5 14. Bxd5 Bd7 15. c4 Rad8 16. Qb3 Bc6 17. Qg3 Kh8 18. Bd2 f5 19. f3 f4 1/2-1/2

[Event "Chessemy Open 2022"]
[Site "Reinstorf"]
[Date "2022.02.02"]
[Round "5.27"]
[White "Germer, Philipp"]
[Black "Jalving, August"]
[Result "1-0"]
[WhiteElo "2132"]
[BlackElo "1835"]
[Annotator "TA"]
[PlyCount "73"]
[EventDate "2022.01.29"]
[EventType "swiss"]
[EventCountry "GER"]
[SourceTitle "playchess.com"]
[Source "ChessBase"]
[SourceQuality "1"]

1. c4 Nf6 2. Nc3 g6 3. g3 Bg7 4. Bg2 c6 5. e4 d6 6. Nge2 O-O 7. O-O Ng4 8. h3 Nh6 9. d4 f5 10. Bg5 Nf7 11. Be3 e5 12. f4 Qe7 13. b4 Rd8 14. Rb1 exf4 15. Bxf4 fxe4 16. Nxe4 Bxh3 17. Bxh3 Qxe4 18. Rb3 g5 19. Bc1 g4 20. Rf4 Qe7 21. Rxg4 Kh8 22. Re3 Qf6 23. Rf4 Qh6 24. Qf1 Ng5 25. Bf5 Nd7 26. Re7 Nf8 27. Kg2 Qf6 28. Rxb7 Nfe6 29. Rf2 Rf8 30. d5 cxd5 31. cxd5 Nd8 32. Rd7 h6 33. Be3 Qe5 34. Bxg5 Qxd5+ 35. Kg1 Rxf5 36. Rxf5 Bd4+ 37. Kh2 1-0

[Event "Chessemy Open 2022"]
[Site "Reinstorf"]
[Date "2022.02.02"]
[Round "5.28"]
[White "Lehaci, Miruna-Daria"]
[Black "Hipler, Andreas"]
[Result "1-0"]
[WhiteElo "2200"]
[BlackElo "1803"]
[Annotator "TA"]
[PlyCount "55"]
[EventDate "2022.01.29"]
[EventType "swiss"]
[EventCountry "GER"]
[SourceTitle "playchess.com"]
[Source "ChessBase"]
[SourceQuality "1"]

1. e4 d5 2. exd5 Qxd5 3. Nc3 Qd6 4. d4 Nf6 5. Nf3 Bg4 6. h3 Bxf3 7. Qxf3 c6 8. Be3 e6 9. O-O-O Qc7 10. Kb1 Be7 11. g4 Nbd7 12. Bc1 Nd5 13. Ne4 N7f6 14. Nxf6+ Nxf6 15. g5 Nd5 16. c4 Nb6 17. h4 O-O 18. Bd3 Rad8 19. h5 f6 20. gxf6 Bxf6 21. Qe4 Kf7 22. Qxh7 Bxd4 23. Qg6+ Kg8 24. Qh7+ Kf7 25. Bg5 Bf6 26. Bg6+ Ke7 27. Qxg7+ Rf7 28. Qxf7# 1-0

[Event "Chessemy Open 2022"]
[Site "Reinstorf"]
[Date "2022.02.03"]
[Round "5.28"]
[White "Krause, Helmut"]
[Black "Bergmann, Paul"]
[Result "1-0"]
[WhiteElo "1595"]
[BlackElo "1401"]
[Annotator "NA"]
[PlyCount "85"]
[EventDate "2022.01.29"]
[EventType "swiss"]
[EventCountry "GER"]
[SourceTitle "playchess.com"]
[Source "ChessBase"]
[SourceQuality "1"]

1. d4 d5 2. Nc3 Nf6 3. Bf4 Bf5 4. f3 e6 5. g4 Bg6 6. h4 h6 7. e3 Bd6 8. Nge2 O-O 9. Qd2 c6 10. Bxd6 Qxd6 11. Nf4 e5 12. dxe5 Qxe5 13. O-O-O Bh7 14. Bd3 Bxd3 15. Qxd3 Nbd7 16. g5 Nc5 17. Qd4 Nfd7 18. gxh6 gxh6 19. Qd2 Rae8 20. Rhg1+ Kh7 21. b4 Na4 22. Qd3+ Kh8 23. Nxa4 Qxe3+ 24. Qxe3 Rxe3 25. Rd3 Rfe8 26. Nb2 Re1+ 27. Rxe1 Rxe1+ 28. Kd2 Rb1 29. Rb3 Ne5 30. a3 Rxb2 31. Rxb2 Nc4+ 32. Kc1 Nxb2 33. Kxb2 Kg7 34. Kc3 Kf6 35. Kd4 Kf5 36. Nh3 a6 37. a4 Kg6 38. Nf4+ Kf5 39. Ng2 Ke6 40. Ne3 b6 41. c3 h5 42. a5 b5 43. Ng2 1-0

[Event "Chessemy Open 2022"]
[Site "Reinstorf"]
[Date "2022.02.02"]
[Round "5.29"]
[White "Ziese, Gerhard"]
[Black "Chennaoui, Yasin"]
[Result "0-1"]
[WhiteElo "1876"]
[BlackElo "2123"]
[Annotator "TA"]
[PlyCount "74"]
[EventDate "2022.01.29"]
[EventType "swiss"]
[EventCountry "GER"]
[SourceTitle "playchess.com"]
[Source "ChessBase"]
[SourceQuality "1"]

1. d4 d6 2. Nf3 Nd7 3. Bf4 Ngf6 4. c4 c6 5. Nc3 Qa5 6. e3 e5 7. Bg3 Ne4 8. Qc2 f5 9. Bd3 Nxg3 10. hxg3 e4 11. Bxe4 fxe4 12. Qxe4+ Kd8 13. O-O-O Nf6 14. Qc2 Kc7 15. e4 Be7 16. e5 dxe5 17. Nxe5 Bg4 18. f3 Bh5 19. g4 Bg6 20. Qd2 Bb4 21. Rhe1 Bxc3 22. bxc3 Qa3+ 23. Qb2 Qxb2+ 24. Kxb2 Nd7 25. f4 Rhf8 26. g3 Nxe5 27. dxe5 Rad8 28. Rd4 h5 29. f5 Be8 30. e6 Rxd4 31. cxd4 hxg4 32. Rf1 Kd6 33. Rf4 Bh5 34. Kc3 Rf6 35. Re4 Rxf5 36. e7 Be8 37. Rxg4 Rf7 0-1

[Event "Chessemy Open 2022"]
[Site "Reinstorf"]
[Date "2022.02.03"]
[Round "5.29"]
[White "Skopp, Jonathan"]
[Black "Zhou, Leyi Charlotte"]
[Result "1-0"]
[WhiteElo "1466"]
[BlackElo "1240"]
[Annotator "NA"]
[PlyCount "115"]
[EventDate "2022.01.29"]
[EventType "swiss"]
[EventCountry "GER"]
[SourceTitle "playchess.com"]
[Source "ChessBase"]
[SourceQuality "1"]

1. e4 e5 2. Nf3 Nc6 3. Bc4 Nf6 4. d4 exd4 5. O-O Nxe4 6. Re1 d5 7. Bxd5 Qxd5 8. Nc3 Qc4 9. Rxe4+ Be6 10. Nxd4 O-O-O 11. Nce2 Bc5 12. b3 Qd5 13. Nc3 Bxd4 14. Nxd5 Rxd5 15. Rxd4 Rxd4 16. Qe2 Rhd8 17. Be3 R4d5 18. h3 Nd4 19. Bxd4 Rxd4 20. Qe3 b6 21. c3 Rd3 22. Qe4 g6 23. Qa8+ Kd7 24. Qxa7 Rxc3 25. Qa4+ Ke7 26. Qh4+ Ke8 27. Qxh7 Rc2 28. Qh8+ Ke7 29. Qh4+ Ke8 30. Qa4+ Ke7 31. Qa3+ Ke8 32. Rc1 Rdd2 33. Rxc2 Rxc2 34. Qa4+ Ke7 35. a3 Rc3 36. Qb4+ Rc5 37. Qh4+ g5 38. Qg3 Rc1+ 39. Kh2 f6 40. b4 c5 41. Qc7+ Bd7 42. Qxb6 cxb4 43. Qe3+ Be6 44. Qxc1 bxa3 45. Qxa3+ Kf7 46. Qd6 f5 47. f4 gxf4 48. Qxf4 Kf6 49. g4 Kg6 50. Kg3 fxg4 51. hxg4 Bf7 52. Qf5+ Kg7 53. g5 Be8 54. Qf6+ Kg8 55. Kg4 Bd7+ 56. Kh5 Be8+ 57. Kh6 Bf7 58. Qg7# 1-0

[Event "Chessemy Open 2022"]
[Site "Reinstorf"]
[Date "2022.02.02"]
[Round "5.30"]
[White "Milovs, Daniels"]
[Black "Oest, Thorsten"]
[Result "0-1"]
[WhiteElo "1842"]
[BlackElo "2111"]
[Annotator "TA"]
[PlyCount "40"]
[EventDate "2022.01.29"]
[EventType "swiss"]
[EventCountry "GER"]
[SourceTitle "playchess.com"]
[Source "ChessBase"]
[SourceQuality "1"]

1. e4 c5 2. Nf3 d6 3. d4 cxd4 4. Nxd4 Nf6 5. Nc3 a6 6. Bg5 e6 7. f4 Qb6 8. Qd2 Qxb2 9. Rb1 Qa3 10. f5 Be7 11. fxe6 Bxe6 12. Nxe6 fxe6 13. Bc4 Nbd7 14. Bxe6 Nc5 15. Bd5 Nxd5 16. Nxd5 Bxg5 17. Qxg5 O-O 18. Qh4 Rae8 19. Ne7+ Rxe7 20. Qxe7 Qe3+ 0-1

[Event "Chessemy Open 2022"]
[Site "Reinstorf"]
[Date "2022.02.02"]
[Round "5.31"]
[White "Klaska, Philipp Leon"]
[Black "Ermitsch, Michael"]
[Result "0-1"]
[WhiteElo "1831"]
[BlackElo "2103"]
[Annotator "TA"]
[PlyCount "54"]
[EventDate "2022.01.29"]
[EventType "swiss"]
[EventCountry "GER"]
[SourceTitle "playchess.com"]
[Source "ChessBase"]
[SourceQuality "1"]

1. e4 d6 2. d4 Nf6 3. Nc3 e5 4. dxe5 dxe5 5. Qxd8+ Kxd8 6. Bg5 c6 7. f4 h6 8. O-O-O+ Kc7 9. Bxf6 gxf6 10. Bc4 Rg8 11. Rd2 Bc5 12. Re2 exf4 13. Bxf7 Rg7 14. Bb3 b5 15. Nd1 Bg4 16. Nf3 Nd7 17. Ree1 Bxf3 18. gxf3 Ne5 19. Ref1 Rg2 20. Be6 Rd8 21. Bh3 Rgd2 22. Bg4 Nc4 23. h3 Rg2 24. Be6 Rdd2 25. Bxc4 Rxc2+ 26. Kb1 bxc4 27. Re1 Bd4 0-1

[Event "Chessemy Open 2022"]
[Site "Reinstorf"]
[Date "2022.02.02"]
[Round "5.32"]
[White "Semling, Johannes"]
[Black "Kaeding, Rainer"]
[Result "1/2-1/2"]
[WhiteElo "1765"]
[BlackElo "2095"]
[Annotator "TA"]
[PlyCount "47"]
[EventDate "2022.01.29"]
[EventType "swiss"]
[EventCountry "GER"]
[SourceTitle "playchess.com"]
[Source "ChessBase"]
[SourceQuality "1"]

1. Nf3 c5 2. g3 Nc6 3. Bg2 g6 4. c4 Bg7 5. Nc3 e5 6. O-O Nge7 7. e4 O-O 8. d3 d6 9. a3 Rb8 10. Rb1 a5 11. Ne1 Nd4 12. b4 axb4 13. axb4 cxb4 14. Rxb4 Nec6 15. Rb1 Be6 16. Nc2 Qd7 17. Nxd4 Nxd4 18. Nb5 Nxb5 19. Rxb5 Qc7 20. Be3 Bd7 21. Rb6 Bc6 22. Qb3 Kh8 23. Rb1 Ra8 24. Qb2 1/2-1/2

[Event "Chessemy Open 2022"]
[Site "Reinstorf"]
[Date "2022.02.02"]
[Round "5.33"]
[White "Sommer, Justus"]
[Black "Muedder, Rafael"]
[Result "0-1"]
[WhiteElo "1821"]
[BlackElo "2035"]
[Annotator "TA"]
[PlyCount "138"]
[EventDate "2022.01.29"]
[EventType "swiss"]
[EventCountry "GER"]
[SourceTitle "playchess.com"]
[Source "ChessBase"]
[SourceQuality "1"]

1. e4 c5 2. c3 Nf6 3. e5 Nd5 4. Bc4 Nb6 5. Bb3 Nc6 6. Nf3 d5 7. exd6 c4 8. Bc2 Qxd6 9. d4 cxd3 10. Qxd3 Qxd3 11. Bxd3 Bg4 12. Nbd2 O-O-O 13. Bb5 f6 14. Bxc6 bxc6 15. Nd4 c5 16. N4b3 e5 17. f3 Bf5 18. Nf1 Kb7 19. Ng3 Bd3 20. Be3 Na4 21. Ne4 Bxe4 22. fxe4 Kc6 23. Rb1 Rb8 24. Kd2 Nb6 25. Kc2 Be7 26. Nd2 Rhd8 27. Rhd1 a5 28. b3 a4 29. bxa4 Ra8 30. Rb3 Rxa4 31. a3 Rda8 32. Kb2 R8a6 33. Ra1 Nc4+ 34. Nxc4 Rxc4 35. Ka2 Rxe4 36. Bc1 Bd6 37. Rb2 c4 38. Rd2 Re1 39. Kb2 Bxa3+ 40. Rxa3 Rxa3 41. Kxa3 Rxc1 42. Kb4 f5 43. Kxc4 Ra1 44. Re2 Ra5 45. Rb2 Rc5+ 46. Kd3 Rd5+ 47. Ke3 g5 48. c4 Ra5 49. Rb8 Ra3+ 50. Ke2 Ra2+ 51. Kf1 Kc5 52. Rb5+ Kd4 53. h3 Rc2 54. Rb7 Rxc4 55. Rxh7 Ke3 56. Kg1 Rc1+ 57. Kh2 Kf4 58. Rg7 Rc2 59. h4 g4 60. h5 Rc3 61. h6 Rc6 62. h7 Rh6+ 63. Kg1 e4 64. Ra7 e3 65. Ra4+ Kg5 66. Ra3 Kf4 67. Ra4+ Kg3 68. Ra1 Rxh7 69. Rb1 Rh2 0-1

[Event "Chessemy Open 2022"]
[Site "Reinstorf"]
[Date "2022.02.02"]
[Round "5.34"]
[White "De Winter, Arthur"]
[Black "Cordsen, Heinrich"]
[Result "1-0"]
[WhiteElo "2122"]
[BlackElo "1685"]
[Annotator "TA"]
[PlyCount "41"]
[EventDate "2022.01.29"]
[EventType "swiss"]
[EventCountry "GER"]
[SourceTitle "playchess.com"]
[Source "ChessBase"]
[SourceQuality "1"]

1. e4 e6 2. d4 d5 3. Nc3 dxe4 4. Nxe4 Nd7 5. Nf3 Ngf6 6. Nxf6+ Nxf6 7. Bd3 Be7 8. O-O O-O 9. Ne5 c5 10. dxc5 Bxc5 11. Qe2 Bd6 12. Bf4 Bxe5 13. Bxe5 Qe7 14. Rad1 Rd8 15. Qf3 Rd5 16. Rfe1 a5 17. Bc4 Rxd1 18. Rxd1 Bd7 19. Qxb7 Qe8 20. Bxf6 gxf6 21. Qxd7 1-0

[Event "Chessemy Open 2022"]
[Site "Reinstorf"]
[Date "2022.02.02"]
[Round "5.35"]
[White "Sistig, Max"]
[Black "Zimmermann, Luc"]
[Result "1/2-1/2"]
[WhiteElo "1846"]
[BlackElo "2120"]
[Annotator "TA"]
[PlyCount "71"]
[EventDate "2022.01.29"]
[EventType "swiss"]
[EventCountry "GER"]
[SourceTitle "playchess.com"]
[Source "ChessBase"]
[SourceQuality "1"]

1. d4 Nf6 2. c4 g6 3. Nc3 d5 4. cxd5 Nxd5 5. e4 Nxc3 6. bxc3 Bg7 7. Bc4 c5 8. Ne2 Nc6 9. Be3 O-O 10. O-O Na5 11. Bd3 b6 12. Qd2 e5 13. d5 f5 14. Bg5 Qd6 15. f4 fxe4 16. Bxe4 Ba6 17. Rae1 Rae8 18. f5 Nc4 19. Qd3 gxf5 20. Rxf5 Rxf5 21. Bxf5 h6 22. Qh3 Nb2 23. Qh5 Rf8 24. Be6+ Kh7 25. Ng3 Bd3 26. Ne4 Qc7 27. Bc1 Bxe4 28. Rxe4 Nd3 29. Bf5+ Kg8 30. Be6+ Kh7 31. Bf5+ Kg8 32. Be6+ Kh8 33. Bf5 Kg8 34. Bxh6 Rxf5 35. Qxf5 Bxh6 36. Qg4+ 1/2-1/2

[Event "Chessemy Open 2022"]
[Site "Reinstorf"]
[Date "2022.02.02"]
[Round "5.36"]
[White "Wolf, Andre"]
[Black "Pellicoro, Nathalie"]
[Result "1/2-1/2"]
[WhiteElo "2121"]
[BlackElo "1835"]
[Annotator "TA"]
[PlyCount "82"]
[EventDate "2022.01.29"]
[EventType "swiss"]
[EventCountry "GER"]
[SourceTitle "playchess.com"]
[Source "ChessBase"]
[SourceQuality "1"]

1. b3 e5 2. Bb2 d6 3. g3 g6 4. Bg2 Bg7 5. e3 Nf6 6. Ne2 Nbd7 7. c4 Qe7 8. Nbc3 c6 9. h3 O-O 10. d4 Rd8 11. O-O Nf8 12. d5 c5 13. a3 Rb8 14. Rb1 a6 15. b4 N6d7 16. Ba1 f5 17. e4 b6 18. Kh2 Rb7 19. Nc1 Nf6 20. bxc5 bxc5 21. Rxb7 Qxb7 22. f3 fxe4 23. fxe4 N8d7 24. Rf2 Nb6 25. Rb2 Qc7 26. Qb3 Nfd7 27. a4 Rf8 28. Nd3 Bh6 29. Nd1 Qd8 30. Rb1 Bd2 31. Bc3 Bxc3 32. Nxc3 Qg5 33. a5 Na8 34. Re1 Qd2 35. Rd1 Qe3 36. Qc2 Qg5 37. Qd2 Qh5 38. Qe2 Qh6 39. Qd2 Qh5 40. Qe2 Qh6 41. Qd2 Qh5 1/2-1/2

[Event "Chessemy Open 2022"]
[Site "Reinstorf"]
[Date "2022.02.02"]
[Round "5.37"]
[White "Rick, Uwe"]
[Black "Pohle, Saskia"]
[Result "1/2-1/2"]
[WhiteElo "2107"]
[BlackElo "1824"]
[Annotator "TA"]
[PlyCount "98"]
[EventDate "2022.01.29"]
[EventType "swiss"]
[EventCountry "GER"]
[SourceTitle "playchess.com"]
[Source "ChessBase"]
[SourceQuality "1"]

1. c4 Nf6 2. g3 e6 3. Bg2 d5 4. Nf3 Be7 5. O-O O-O 6. d4 Nbd7 7. Qc2 c6 8. Nbd2 Nb6 9. b3 Qc7 10. e4 dxe4 11. Nxe4 Nxe4 12. Qxe4 c5 13. Bf4 Bd6 14. dxc5 Qxc5 15. Rfd1 Bxf4 16. Qxf4 Nd7 17. Qd6 Rb8 18. Rd2 b6 19. Qxc5 Nxc5 20. Ne5 f6 21. Nc6 Rb7 22. Rad1 Rc7 23. Rd6 Kf7 24. f4 Re8 25. Kf2 Nb7 26. R6d2 a6 27. Nb4 a5 28. Na6 Rce7 29. Nb8 e5 30. Nc6 Rc7 31. fxe5 fxe5 32. Ke3 g6 33. Bd5+ Kg7 34. Rf1 Bh3 35. Rff2 Nd6 36. Rde2 Bd7 37. c5 Nf5+ 38. Rxf5 gxf5 39. cxb6 Rxc6 40. Bxc6 Bxc6 41. Rc2 Rc8 42. Rc5 Kf6 43. Rxa5 Rb8 44. Ra6 Bb5 45. Ra7 Rxb6 46. Rxh7 Kg6 47. Re7 Kf6 48. Rh7 Kg6 49. Re7 Kf6 1/2-1/2

[Event "Chessemy Open 2022"]
[Site "Reinstorf"]
[Date "2022.02.02"]
[Round "5.38"]
[White "Muedder, Melanie"]
[Black "Labruyere, Roger"]
[Result "0-1"]
[WhiteElo "1788"]
[BlackElo "2024"]
[Annotator "ChessBase"]
[PlyCount "86"]
[EventDate "2022.01.29"]
[EventType "swiss"]
[EventCountry "GER"]
[SourceTitle "playchess.com"]
[Source "ChessBase"]
[SourceQuality "1"]

1. e4 c5 2. Nf3 Nc6 3. d4 cxd4 4. Nxd4 g6 5. Nc3 Bg7 6. Nb3 Nf6 7. Be2 O-O 8. O-O d6 9. Re1 Be6 10. Bf1 Rc8 11. Nd5 Ne5 12. Bg5 Nxd5 13. exd5 Bf5 14. Nd4 Bd7 15. c3 Re8 16. Qb3 h6 17. Bh4 g5 18. Bg3 b5 19. f4 gxf4 20. Bxf4 Qb6 21. Be3 Ng4 22. Nf5 Nxe3 23. Nxe3 Bf5 24. Kh1 Bd7 25. Bd3 b4 26. cxb4 Qd4 27. Nf5 Bxf5 28. Bxf5 Rc4 29. Qa4 Kf8 30. Rad1 Qh4 31. Rf1 Rxb4 32. Qxa7 Rxb2 33. Qg1 Ra8 34. Rc1 Bd4 35. Rc4 Rd2 36. Rfc1 Qg5 37. Qf1 Rf2 38. Qg1 Rf4 39. Qd1 Qxf5 40. Rxd4 Rxa2 41. h3 Qg5 42. Rd2 Rxd2 43. Qxd2 Rf1+ 0-1

[Event "Chessemy Open 2022"]
[Site "Reinstorf"]
[Date "2022.02.02"]
[Round "5.39"]
[White "Anderberg, Peter"]
[Black "Zhou, Lepu Coco"]
[Result "1/2-1/2"]
[WhiteElo "2003"]
[BlackElo "1819"]
[Annotator "ChessBase"]
[PlyCount "39"]
[EventDate "2022.01.29"]
[EventType "swiss"]
[EventCountry "GER"]
[SourceTitle "playchess.com"]
[Source "ChessBase"]
[SourceQuality "1"]

1. d4 d5 2. c4 dxc4 3. Nf3 a6 4. e3 Nf6 5. Bxc4 e6 6. O-O c5 7. Bd3 Nc6 8. Re1 cxd4 9. exd4 Be7 10. Nc3 O-O 11. a3 b5 12. b4 Bb7 13. Bc2 Qc7 14. Qd3 Nxb4 15. axb4 Rfc8 16. Bd2 Bxb4 17. Rec1 Bxc3 18. Qxc3 Qd7 19. Qe3 Bxf3 20. gxf3 1/2-1/2

[Event "Chessemy Open 2022"]
[Site "Reinstorf"]
[Date "2022.02.02"]
[Round "5.40"]
[White "Niemann, Leon"]
[Black "Ponomarev, Maximilian"]
[Result "0-1"]
[WhiteElo "1804"]
[BlackElo "2003"]
[Annotator "TA"]
[PlyCount "92"]
[EventDate "2022.01.29"]
[EventType "swiss"]
[EventCountry "GER"]
[SourceTitle "playchess.com"]
[Source "ChessBase"]
[SourceQuality "1"]

1. e4 c5 2. Nf3 e6 3. d4 cxd4 4. Nxd4 a6 5. Nc3 Qc7 6. Bd3 Nf6 7. O-O Bc5 8. Nb3 Be7 9. f4 d6 10. Be3 Nbd7 11. a4 b6 12. g4 h6 13. Qf3 Bb7 14. Bd4 e5 15. fxe5 Nxe5 16. Bxe5 dxe5 17. h4 Qd7 18. Be2 Qe6 19. Rad1 O-O 20. Kg2 Bb4 21. Nd5 Nxd5 22. exd5 Qe7 23. c3 Bd6 24. Nd2 Bc8 25. Ne4 f5 26. gxf5 Bxf5 27. Qxf5 Rxf5 28. Rxf5 Rd8 29. Rdf1 Qxh4 30. Bd3 Qe7 31. R1f3 Qd7 32. b3 Be7 33. Bxa6 Rf8 34. Rxf8+ Bxf8 35. Rg3 Kh8 36. Bc4 Be7 37. b4 Bh4 38. Re3 Qg4+ 39. Kf1 Bg5 40. Re2 Qf3+ 41. Ke1 Be3 42. Nd2 Qh1+ 43. Nf1 Bg5 44. Bd3 Bh4+ 45. Kd2 Qxf1 46. Rxe5 Qf4+ 0-1

[Event "Chessemy Open 2022"]
[Site "Reinstorf"]
[Date "2022.02.02"]
[Round "5.41"]
[White "Bischoff, Ulrich"]
[Black "Reichmann, Felix"]
[Result "1-0"]
[WhiteElo "1994"]
[BlackElo "1807"]
[Annotator "ChessBase"]
[PlyCount "73"]
[EventDate "2022.01.29"]
[EventType "swiss"]
[EventCountry "GER"]
[SourceTitle "playchess.com"]
[Source "ChessBase"]
[SourceQuality "1"]

1. d4 Nf6 2. c4 c5 3. d5 b5 4. Nf3 b4 5. a4 d6 6. Qc2 g6 7. e4 Bg7 8. h3 e5 9. g4 O-O 10. Bd3 h5 11. g5 Nh7 12. Be3 f5 13. gxf6 Qxf6 14. Nbd2 g5 15. O-O-O Bh6 16. Rdg1 Kh8 17. Be2 Bd7 18. Kb1 Be8 19. Qd1 Nd7 20. Nh2 Qg6 21. Nhf1 Ndf6 22. Ng3 h4 23. Ngf1 Nxe4 24. Nxe4 Qxe4+ 25. Bd3 Qf3 26. Qc2 b3 27. Qxb3 Nf6 28. Nd2 Qh5 29. Ne4 Nxe4 30. Bxe4 Bg6 31. Qd3 Kg7 32. Rg4 Rf3 33. Ka2 Rxh3 34. Rhg1 Rf8 35. Bxg5 Bxg5 36. Qxh3 Bxe4 37. Rxg5+ 1-0